=LDR 00000nam 2200000 4500 =001 INLIS000000000017979 =005 20130612113150 =008 ***********************************Ind** =035 ##$$0010-061300000017979 =041 ##$$a Ind =082 ##$$a 364.134 02 =090 ##$$a 364.134 02, Suy k =100 ##$$a Suyatno =245 ##$$a Korupsi kolusi dan nepotisme, Drs. Suyatno =260 ##$$a 2005 $b Jakarta =300 ##$$a xix, 159 hlm, 21 cm =650 ##$$a Kolusi-aneka ragam =850 ##$$a NBPNMAT =990 ##$$a 0001/BPAP-NTB/20142014 =990 ##$$a 21602291/BPAP-NTB/2017